[Event "Bangkok rapid op"]
[Site "Bangkok"]
[Date "2025.07.06"]
[Round "3"]
[White "Caparino, Diego Abraham"]
[Black "Lu, Weiyang"]
[Result "0-1"]
[WhiteElo "2284"]
[BlackElo "1783"]
[PlyCount "132"]
[EventDate "2025.07.06"]
[EventType "swiss"]
[EventRounds "7"]
[EventCountry "THA"]
[SourceTitle "CB28_2025"]
[SourceDate "2025.07.09"]
[SourceVersion "1"]
[SourceVersionDate "2025.07.09"]
[SourceQuality "1"]

1. d4 Nf6 2. Nf3 d5 3. Bf4 c5 4. e3 Qb6 5. Nbd2 Nc6 6. dxc5 Qxc5 7. a3 g6 8. c4 Bg7 9. b4 Qb6 10. Rc1 0-0 11. Qb3 Be6 12. c5 Qd8 13. Nd4 Nxd4 14. exd4 Ne4 15. Nf3 Rc8 16. Be2 b6 17. 0-0 bxc5 18. bxc5 Qa5 19. Qb4 Qxb4 20. axb4 f6 21. Ba6 Rce8 22. Rfe1 Bf7 23. Bc7 e5 24. Bd6 Nxd6 25. cxd6 e4 26. Nd2 Re6 27. Nb3 Rxd6 28. b5 f5 29. Rc7 Bf6 30. Rxa7 f4 31. Rc7 Rfd8 32. Rec1 e3 33. fxe3 fxe3 34. R7c6 Be8 35. Rxd6 Rxd6 36. Kf1 Bd7 37. h3 Kf7 38. Ke2 Ke7 39. Rc7 Kd8 40. Rb7 Bg5 41. Nc5 Be8 42. Rxh7 Rb6 43. Nb7+ Kc8 44. Nd6+ Kd8 45. Nb7+ Kc8 46. Na5+ Kd8 47. Nb7+ Kc8 48. Nd6+ Kd8 49. Nxe8 Kxe8 50. g3 Rf6 51. h4 Rf2+ 52. Ke1 Be7 53. b6 Bb4+ 54. Kd1 Rd2+ 55. Kc1 Ba3+ 56. Kb1 Rb2+ 57. Ka1 Rxb6 58. Bd3 Bb2+ 59. Ka2 Bc3 60. Rg7 e2 61. Bxe2 Rb2+ 62. Ka3 Rxe2 63. Rxg6 Bxd4 64. Ka4 Ra2+ 65. Kb5 Rb2+ 66. Kc6 Rb6+ 0-1

[Event "Bangkok op"]
[Site "Bangkok"]
[Date "2025.07.06"]
[Round "4"]
[White "Marin, Sam"]
[Black "Caparino, Diego Abraham"]
[Result "0-1"]
[WhiteElo "1970"]
[BlackElo "2194"]
[PlyCount "72"]
[EventDate "2025.07.04"]
[EventType "swiss"]
[EventRounds "9"]
[EventCountry "THA"]
[SourceTitle "CB29_2025"]
[SourceDate "2025.07.16"]
[SourceVersion "1"]
[SourceVersionDate "2025.07.16"]
[SourceQuality "1"]

1. e4 e6 2. d4 d5 3. e5 c5 4. c3 Nc6 5. Nf3 Qb6 6. a3 Nh6 7. b4 cxd4 8. cxd4 Nf5 9. Be3 f6 10. exf6 gxf6 11. Bd3 Nxe3 12. fxe3 Bh6 13. b5 Ne7 14. Qe2 0-0 15. 0-0 e5 16. e4 f5 17. exd5 e4 18. Bc4 Ng6 19. Nbd2 exf3 20. Nxf3 Bd7 21. Kh1 Rae8 22. Qb2 Qf6 23. Rae1 Bf4 24. Re6 Bxe6 25. dxe6 Kh8 26. Qb4 Qe7 27. Qa4 Bb8 28. d5 Nh4 29. Be2 Nxf3 30. Bxf3 Rf6 31. Qd4 Qg7 32. Bh5 Rg8 33. g4 Bd6 34. a4 Rh6 35. Qxg7+ Kxg7 36. Rxf5 Rf6 0-1

[Event "Bangkok op"]
[Site "Bangkok"]
[Date "2025.07.04"]
[Round "1"]
[White "Caparino, Diego Abraham"]
[Black "Leong, Khai Shen"]
[Result "1-0"]
[WhiteElo "2194"]
[BlackElo "1819"]
[PlyCount "86"]
[EventDate "2025.07.04"]
[EventType "swiss"]
[EventRounds "9"]
[EventCountry "THA"]
[SourceTitle "CB29_2025"]
[SourceDate "2025.07.16"]
[SourceVersion "1"]
[SourceVersionDate "2025.07.16"]
[SourceQuality "1"]

1. d4 Nf6 2. Nf3 b6 3. Bf4 Bb7 4. e3 e6 5. h3 Be7 6. Bd3 d5 7. Nbd2 Nbd7 8. h4 c5 9. c3 Rc8 10. Ne5 a6 11. Qf3 b5 12. a3 Qb6 13. Nxd7 Nxd7 14. Qg3 Bf6 15. 0-0 h5 16. Rfc1 0-0 17. Be2 Qd8 18. Bd3 Qb6 19. Be2 Qd8 20. Bg5 Bxg5 21. hxg5 g6 22. b4 c4 23. a4 Bc6 24. a5 Kg7 25. f4 Nb8 26. Nf3 Bd7 27. Kf2 Nc6 28. Ne5 Nxe5 29. fxe5 Rc7 30. Rh1 Qe7 31. Bxh5 gxh5 32. Rxh5 Rcc8 33. Rh7+ Kxh7 34. Qh4+ Kg6 35. Qh6+ Kf5 36. Qh7+ Kg4 37. Qh3+ Kxg5 38. Qg3+ Kf5 39. Ke2 Qg5 40. Rf1+ Kg6 41. Rf6+ Kh5 42. Qh2+ Qh4 43. g4+ Kg5 1-0

[Event "Bangkok Big Rook op 5th"]
[Site "Bangkok"]
[Date "2025.05.08"]
[Round "3"]
[White "Caparino, Diego Abraham"]
[Black "Teo, Hong Ming"]
[Result "1-0"]
[WhiteElo "2145"]
[BlackElo "1989"]
[PlyCount "107"]
[EventDate "2025.05.07"]
[EventType "swiss"]
[EventRounds "9"]
[EventCountry "THA"]
[SourceTitle "CB20_2025"]
[SourceDate "2025.05.14"]
[SourceVersion "1"]
[SourceVersionDate "2025.05.14"]
[SourceQuality "1"]

1. d4 d5 2. Nf3 Nf6 3. Bf4 c5 4. e3 Nc6 5. Nbd2 Bg4 6. c3 e6 7. Qb3 Qc8 8. Nh4 Bh5 9. h3 cxd4 10. exd4 Qd7 11. Bd3 Bd6 12. Bxd6 Qxd6 13. 0-0 0-0 14. f4 Rab8 15. a4 a6 16. a5 Qc7 17. Qa3 b6 18. axb6 Rxb6 19. b4 Nb8 20. g4 Bg6 21. Nxg6 hxg6 22. Rf3 Rc8 23. Rc1 Rc6 24. Bb1 Ne8 25. Nb3 Nd6 26. Nc5 Nc4 27. Qa2 a5 28. h4 axb4 29. cxb4 Rb6 30. h5 gxh5 31. Qc2 hxg4 32. Qh7+ Kf8 33. Qh8+ Ke7 34. Qh4+ Kd6 35. Qxg4 g6 36. Re1 Kc6 37. Ba2 Kb5 38. Rc3 Na6 39. Rxc4 dxc4 40. Bxc4+ Kxc4 41. Rc1+ Kd5 42. Qg5+ Kxd4 43. Nb3+ Ke4 44. Re1+ Kd3 45. Qg3+ Kc4 46. Na5+ Kb5 47. Qd3+ Qc4 48. Nxc4 Rxc4 49. Re5+ Kxb4 50. Qb1+ Ka4 51. Qxb6 Nb4 52. Qb5+ Kb3 53. Re3+ Rc3 54. Re4 1-0

[Event "Bangkok Big Rook op 5th"]
[Site "Bangkok"]
[Date "2025.05.07"]
[Round "2"]
[White "Sreekarthika, Velmurugan"]
[Black "Caparino, Diego Abraham"]
[Result "0-1"]
[WhiteElo "1948"]
[BlackElo "2145"]
[PlyCount "82"]
[EventDate "2025.05.07"]
[EventType "swiss"]
[EventRounds "9"]
[EventCountry "THA"]
[SourceTitle "CB20_2025"]
[SourceDate "2025.05.14"]
[SourceVersion "1"]
[SourceVersionDate "2025.05.14"]
[SourceQuality "1"]

1. e4 e6 2. d4 d5 3. e5 c5 4. c3 Nc6 5. Nf3 Qb6 6. a3 Nh6 7. Bd3 Bd7 8. Bc2 cxd4 9. cxd4 Nf5 10. Bxf5 exf5 11. Nc3 Be6 12. b4 Be7 13. h4 h6 14. Qd3 0-0 15. 0-0 Rfc8 16. Bd2 Qd8 17. h5 Qd7 18. Ne2 a6 19. Rac1 Na7 20. Bc3 Rc7 21. Nd2 Nc8 22. Nb3 Nb6 23. Nc5 Qc8 24. f4 Nc4 25. g4 b6 26. Nxe6 fxe6 27. gxf5 exf5 28. Ng3 Bd8 29. Nxf5 Rf7 30. Nxh6+ gxh6 31. Kh2 Qf5 32. Qf3 Kh7 33. Be1 Raa7 34. Rc3 Rg7 35. Rf2 Bh4 36. Re2 Bxe1 37. Rxe1 Rg4 38. Qd3 Rh4+ 39. Kg2 Rg7+ 40. Kf2 Rxf4+ 41. Ke2 Rg2+ 0-1

[Event "Bangkok op 22nd"]
[Site "Bangkok"]
[Date "2025.04.17"]
[Round "5"]
[White "Caparino, Diego Abraham"]
[Black "Sunny, Bedi"]
[Result "1/2-1/2"]
[WhiteElo "2200"]
[BlackElo "1833"]
[PlyCount "194"]
[EventDate "2025.04.13"]
[EventType "swiss"]
[EventRounds "9"]
[EventCountry "THA"]
[SourceTitle "CB17_2025"]
[SourceDate "2025.04.23"]
[SourceVersion "1"]
[SourceVersionDate "2025.04.23"]
[SourceQuality "1"]

1. d4 Nf6 2. Nf3 d5 3. Bf4 c5 4. e3 Nc6 5. Nbd2 Qb6 6. dxc5 Qxb2 7. Rb1 Qc3 8. Bb5 Ne4 9. 0-0 Nxd2 10. Nxd2 e6 11. e4 Qxc5 12. c4 dxc4 13. Nxc4 Bd7 14. Qd3 Rd8 15. Rfd1 Be7 16. Bd6 Qg5 17. f4 Qf6 18. e5 Qg6 19. Qa3 0-0 20. Bxe7 Nxe7 21. Qxe7 Bxb5 22. Rxd8 Qxb1+ 23. Kf2 Qc2+ 24. Nd2 Be8 25. Rxe8 Qxd2+ 26. Kf3 Qd3+ 27. Kf2 Qd2+ 28. Kg3 Qe3+ 29. Kg4 h5+ 30. Kxh5 Qe2+ 31. Kh4 Rxe8 32. Qxe8+ Kh7 33. Qxf7 Qxg2 34. Qxe6 Qxh2+ 35. Kg5 Qg2+ 36. Qg4 Qxa2 37. Qf5+ Kg8 38. Qc8+ Kh7 39. Qxb7 Qe6 40. Qh1+ Kg8 41. Qa8+ Kh7 42. Qxa7 Qg6+ 43. Kh4 Qh6+ 44. Kg3 Qg6+ 45. Kf3 Qc6+ 46. Ke3 Qc1+ 47. Ke4 Qh1+ 48. Kd3 Qf1+ 49. Kc3 Qc1+ 50. Kb3 Qxf4 51. Qe7 Qe3+ 52. Kc4 Qe4+ 53. Kc5 Qe3+ 54. Kc6 Qe4+ 55. Kc7 Qc4+ 56. Kd8 Qd5+ 57. Qd6 Qa8+ 58. Kd7 Qb7+ 59. Qc7 Qb5+ 60. Ke7 Qb4+ 61. Kf7 Qf4+ 62. Ke8 Qa4+ 63. Kf8 Qf4+ 64. Ke8 Qa4+ 65. Qd7 Qa8+ 66. Kf7 Qf3+ 67. Ke7 Qa3+ 68. Qd6 Qa7+ 69. Kf8 Qa8+ 70. Kf7 Qf3+ 71. Ke7 Qb7+ 72. Kd8 Qa8+ 73. Kd7 Qa4+ 74. Qc6 Qd4+ 75. Ke6 Qg4+ 76. Ke7 Qg5+ 77. Kd6 Qd2+ 78. Ke6 Qa2+ 79. Qd5 Qa6+ 80. Qd6 Qc8+ 81. Qd7 Qc4+ 82. Ke7 Qb4+ 83. Qd6 Qb7+ 84. Kd8 Qa8+ 85. Kd7 Qa4+ 86. Qc6 Qd4+ 87. Ke6 Qg4+ 88. Kd5 Qf3+ 89. Kd6 Qa3+ 90. Qc5 Qa6+ 91. Kc7 Qe6 92. Qd6 Qc4+ 93. Kd8 Qh4+ 94. Ke8 Qa4+ 95. Qd7 Qa8+ 96. Ke7 Qa3+ 97. Kf7 Qf3+ 1/2-1/2